<?xml version="1.0" encoding="UTF-8"?>
<record
    xmlns:xsi="http://www.w3.org/2001/XMLSchema-instance"
    xsi:schemaLocation="http://www.loc.gov/MARC21/slim http://www.loc.gov/standards/marcxml/schema/MARC21slim.xsd"
    xmlns="http://www.loc.gov/MARC21/slim">

  <leader>02941nam a2200565Ia 4500</leader>
  <controlfield tag="001">628</controlfield>
  <controlfield tag="008">241029s9999    xx            000 0 und d</controlfield>
  <datafield tag="010" ind1=" " ind2=" ">
    <subfield code="a">569</subfield>
  </datafield>
  <datafield tag="041" ind1=" " ind2=" ">
    <subfield code="a">Espa&#xF1;ol</subfield>
  </datafield>
  <datafield tag="082" ind1=" " ind2=" ">
    <subfield code="a"> TPG MMM-06 2007 </subfield>
  </datafield>
  <datafield tag="245" ind1=" " ind2="0">
    <subfield code="a">Estrategia para el desarrollo de la habilidad de argumentar en base a la legislaci&#xF3;n tur&#xED;stica hotelera en los estudiantes de la carrera de Turismo Hoteler&#xED;a de la Universidad APEC.</subfield>
  </datafield>
  <datafield tag="260" ind1=" " ind2=" ">
    <subfield code="a">Distrito Nacional</subfield>
  </datafield>
  <datafield tag="300" ind1=" " ind2=" ">
    <subfield code="a">118</subfield>
  </datafield>
  <datafield tag="520" ind1=" " ind2=" ">
    <subfield code="a">18</subfield>
  </datafield>
  <datafield tag="630" ind1=" " ind2=" ">
    <subfield code="a">Competencia Laboral</subfield>
  </datafield>
  <datafield tag="630" ind1=" " ind2=" ">
    <subfield code="a">Competencias</subfield>
  </datafield>
  <datafield tag="630" ind1=" " ind2=" ">
    <subfield code="a">Ense&#xF1;anza-Aprendizaje</subfield>
  </datafield>
  <datafield tag="630" ind1=" " ind2=" ">
    <subfield code="a">Estrategia</subfield>
  </datafield>
  <datafield tag="630" ind1=" " ind2=" ">
    <subfield code="a">Estudiantes</subfield>
  </datafield>
  <datafield tag="650" ind1=" " ind2=" ">
    <subfield code="a">Competencias Educativas</subfield>
  </datafield>
  <datafield tag="690" ind1=" " ind2=" ">
    <subfield code="a">Copiado sin cambios</subfield>
  </datafield>
  <datafield tag="700" ind1=" " ind2=" ">
    <subfield code="e">asesor</subfield>
    <subfield code="a">N&#xFA;&#xF1;ez Morales , Maril&#xFA;</subfield>
  </datafield>
  <datafield tag="700" ind1=" " ind2=" ">
    <subfield code="e">autor</subfield>
    <subfield code="a">Santiago P&#xE9;rez, Jorge Adalberto</subfield>
  </datafield>
  <datafield tag="901" ind1=" " ind2=" ">
    <subfield code="a">{"1":"Santiago P&#xE9;rez"}</subfield>
    <subfield code="b">{"1":"Jorge Adalberto"}</subfield>
  </datafield>
  <datafield tag="902" ind1=" " ind2=" ">
    <subfield code="a">1</subfield>
  </datafield>
  <datafield tag="903" ind1=" " ind2=" ">
    <subfield code="a">{"1":"N&#xFA;&#xF1;ez Morales "}</subfield>
    <subfield code="b">{"1":"Maril&#xFA;"}</subfield>
  </datafield>
  <datafield tag="904" ind1=" " ind2=" ">
    <subfield code="a">Maestr&#xED;a en</subfield>
  </datafield>
  <datafield tag="905" ind1=" " ind2=" ">
    <subfield code="a">Ciencias de la Educaci&#xF3;n</subfield>
  </datafield>
  <datafield tag="906" ind1=" " ind2=" ">
    <subfield code="a">2</subfield>
  </datafield>
  <datafield tag="907" ind1=" " ind2=" ">
    <subfield code="a">NO APLICA</subfield>
  </datafield>
  <datafield tag="908" ind1=" " ind2=" ">
    <subfield code="a">NO APLICA</subfield>
  </datafield>
  <datafield tag="909" ind1=" " ind2=" ">
    <subfield code="a">Universidad Acci&#xF3;n Pro Educaci&#xF3;n y Cultura (UNAPEC)</subfield>
  </datafield>
  <datafield tag="910" ind1=" " ind2=" ">
    <subfield code="a">NULL</subfield>
    <subfield code="b">NULL</subfield>
  </datafield>
  <datafield tag="911" ind1=" " ind2=" ">
    <subfield code="a">["1"]</subfield>
  </datafield>
  <datafield tag="912" ind1=" " ind2=" ">
    <subfield code="a">Universidad de Camag&#xFC;ey (UC), Cuba</subfield>
  </datafield>
  <datafield tag="913" ind1=" " ind2=" ">
    <subfield code="a">NULL</subfield>
  </datafield>
  <datafield tag="914" ind1=" " ind2=" ">
    <subfield code="a">07 de Abril de 2008</subfield>
  </datafield>
  <datafield tag="915" ind1=" " ind2=" ">
    <subfield code="a">21/12/19 12:12</subfield>
  </datafield>
  <datafield tag="916" ind1=" " ind2=" ">
    <subfield code="a">NULL</subfield>
  </datafield>
  <datafield tag="917" ind1=" " ind2=" ">
    <subfield code="a">NULL</subfield>
  </datafield>
  <datafield tag="918" ind1=" " ind2=" ">
    <subfield code="a">NO APLICA</subfield>
  </datafield>
  <datafield tag="919" ind1=" " ind2=" ">
    <subfield code="a">["36","40","89","92","96"]</subfield>
  </datafield>
  <datafield tag="520" ind1=" " ind2=" ">
    <subfield code="a">Presentaci&#xF3;n de una estrategia para "el desarrollo de la habilidad de argumentar en base a la legislaci&#xF3;n tur&#xED;stica hotelera en los estudiantes de la carrera de Turismo Hoteler&#xED;a de la Universidad APEC". A los fines de contribuir al fortalecimiento de la formaci&#xF3;n jur&#xED;dica de los citados estudiantes.La investigaci&#xF3;n fundamenta la estrategia tomando en cuenta las consideraciones y experiencias de pedagogos cubanos, y utiliza la habilidad argumentar, mediante el manejo de la legislaci&#xF3;n tur&#xED;stica hotelera, para ofrecer conocimientos, destreza y actitudes a favor de valores. Colocando al estudiante en mejores condiciones de ofrecer respuesta, cuando le corresponda afrontar las diversas situaciones de car&#xE1;cter jur&#xED;dico en el transcurso de su vida laboral profesional.Esta estrategia se caracteriza por ser sist&#xE9;mica, centrada en el alumno, y donde se destaca la clase y la tarea, logrando la investigaci&#xF3;n su objetivo con m&#xE9;todos como el hist&#xF3;rico, la observaci&#xF3;n del proceso de ense&#xF1;anza aprendizaje, la entrevista, encuestas y/o consulta a estudiantes, profesores y/o expertos, y el an&#xE1;lisis de fuentes documentales. A la vez que permite a la carrera en cuesti&#xF3;n, actualizarse conforme a las exigencias de la pedagog&#xED;a contempor&#xE1;nea, desde la perspectiva de un proceso de ense&#xF1;anza-aprendizaje formativo.&#xA0;</subfield>
  </datafield>
  <datafield tag="921" ind1=" " ind2=" ">
    <subfield code="a">16</subfield>
  </datafield>
  <datafield tag="922" ind1=" " ind2=" ">
    <subfield code="a">16</subfield>
  </datafield>
  <datafield tag="923" ind1=" " ind2=" ">
    <subfield code="a">0</subfield>
  </datafield>
  <datafield tag="924" ind1=" " ind2=" ">
    <subfield code="a">NO APLICA</subfield>
  </datafield>
  <datafield tag="942" ind1=" " ind2=" ">
    <subfield code="c">Tesis</subfield>
  </datafield>
  <datafield tag="999" ind1=" " ind2=" ">
    <subfield code="c">569</subfield>
    <subfield code="d">569</subfield>
  </datafield>
</record>
